• 首页
  • 本馆介绍
  • 公告通知
  • 最新文献
  • 馆藏检索
  • 电子资源
  • 读者导购
  • 参考咨询
  • 我的图书馆
  • 登录
  • 详细信息显示
  • 放入我的书架
  • 预约/预借图书
  • 作者相关作品
  • 分类相关作品
  • 丛书相关作品
  • 出版社相关作品

书目信息

  • 表格格式
  • 工作单格式
  • 卡片格式
题名:
中国人的时间智慧
    
 
作者: 张勃 , 郑艳 著
分册:  
出版信息: 北京   中国书籍出版社  2021.1
页数: 315页
开本: 23cm
丛书名:
单 册:
中图分类: P462
科图分类:
主题词: 二十四节气--基本知识
电子资源:
ISBN: 978-7-5068-8267-5
000 00826nam0 2200253 45
001 012001002935
005 20141010140413.0
010    @a978-7-5068-8267-5@dCNY58.00
100    @a20210713d2021 em y0chiy50 ea
101 0  @achi
102    @aCN@b110000
105    @ay z 000yy
106    @ar
200 1  @a中国人的时间智慧@Azhong guo ren de shi jian zhi hui@b专著@e一本书读懂二十四节气@f张勃,郑艳著
210    @a北京@c中国书籍出版社@d2021.1
215    @a315页@d23cm
300    @a中国文化经纬·第三辑
330    @a本书介绍了二十四节气概述、春季节气、夏季节气、秋季节气、冬季节气、危机·转机·生机:二十四节气的保护与传承。
606 0  @a二十四节气@x基本知识
690    @aP462@v5
701  0 @a张勃@Azhang bo@4著
701  0 @a郑艳@Azheng yan@4著
801  2 @aCN@bBJSDL@c20211018
905    @b1350888-91@dP462@e186@f4
    
    中国人的时间智慧:一本书读懂二十四节气/张勃,郑艳著.-北京:中国书籍出版社,2021.1
    315页;23cm
    中国文化经纬·第三辑
    
    ISBN 978-7-5068-8267-5:CNY58.00
    本书介绍了二十四节气概述、春季节气、夏季节气、秋季节气、冬季节气、危机·转机·生机:二十四节气的保护与传承。
●
相关链接 在E读中查询图书 在五车中查询图书 在当当中查询图书 在豆瓣中查询图书


正题名:中国人的时间智慧     索取号:P462/186         预约/预借

序号 登录号 条形码 馆藏地/架位号 状态 备注
1 1350888   213508881   第二样本阅览室/ [索取号:P462/186] 在馆    
2 1350889   213508890   第三借阅区/ [索取号:P462/186] 在馆    
3 1350890   213508907   第三借阅区/ [索取号:P462/186] 在馆    
4 1350891   213508916   第三借阅区/ [索取号:P462/186] 在馆    
唐山师范学院图书馆 欢迎您!
大连网信软件有限公司© 版权所有